01220nam0a22002411 4500001001100000005001700011021001900028035002600047100004100073101000800114102000700122105001800129200042200147210004100569215002700610320005400637606007000691702007300761712008500834801001800919801002200937852001900959rc\380656020260407101821.0 aRUb[75-41387] a(NLR Aleph) 007263392 a20120329d1975 |||y0rusy50 ca0 arus aRU aa z |||||1 aЦифровое моделирование задач математической физикиe[Сборник статейfРед. коллегия: ...канд. физ.-мат. наук А.Е. Степанов (отв. ред.) и др.]gАН УССР. Науч. совет по проблеме "Теорет. электротехника и электроника". Ин-т электродинамики aКиевcНаук. думкаd1975 a155 с.cчерт.d20 aСписки лит. в конце статей aМатематическая физикаjСборники2psbo 1aСтепановbА.Е.gАркадий Евгеньевич434002aИнститут электродинамикиcКиев3RU\NLR\AUTH\889929386 0aRUbNLRgpsbo 1aRUbELAR2rusmarc aNLRj75-3/3650